| 000 | 00997nam a2200229 i 4500 | ||
|---|---|---|---|
| 001 | 160656 | ||
| 003 | ES-MaACL | ||
| 005 | 20250627063655.0 | ||
| 008 | 931025s1853 sp |||| | spa d | ||
| 100 | 1 |
_aNicolas, Auguste, _d1807-1888 _9130468 |
|
| 245 | 1 | 0 |
_aDel protestantismo y de todas las herejías en su relación con el socialismo _b: precedido del examen de un escrito del Sr. Guizot / _cpor Augusto Nicolas ; traducción de Joaquín Roca y Cornet. |
| 260 |
_aBarcelona : _bLibrería Religiosa, _c1853 ( _fImp. de Pablo Riera) |
||
| 300 |
_a438 p. ; _c22 cm. |
||
| 530 | _aDisponible en formato digital. | ||
| 597 | _aSignaturizado. | ||
| 597 | _aAntep. | ||
| 650 | 4 |
_aSocialismo y cristianismo- _xIglesias protestantes. _9152109 |
|
| 700 | 1 |
_aRoca y Cornet, Joaquín, _d1804-1873 _9131904 |
|
| 852 |
_aES-MaACL _jG-8900 _z- Enc. pasta española |
||
| 856 |
_uhttp://bdh-rd.bne.es/viewer.vm?id=0000074665&page=1 _zBiblioteca Digital Hispánica |
||
| 999 |
_c160656 _d160656 |
||